[Event "Candidates Tournament"]
[Site "Moscow"]
[Date "2016.03.24"]
[Round "11"]
[White "Giri, Anish"]
[Black "Nakamura, Hikaru"]
[Result "1/2-1/2"]
[WhiteElo "2793"]
[BlackElo "2790"]
[Annotator "Mekhitarian,K"]
[PlyCount "105"]
[EventDate "2016.03.11"]
[EventType "tourn"]
[EventRounds "14"]
[EventCountry "RUS"]
[EventCategory "22"]
[SourceTitle "CBM 172"]
[Source "ChessBase"]
[SourceDate "2016.05.12"]
[SourceVersion "1"]
[SourceVersionDate "2016.05.12"]
[SourceQuality "1"]

1. e4 e5 2. Nf3 Nc6 3. Bc4 {The Giuoco Piano, (or Italian Opening) has become
quite fashionable lately, running away from forced lines of the Ruy Lopez (or
Spanish) with 3.Bb5. And White has been doing very well, as did Giri in this
game.} Bc5 4. O-O Nf6 5. d3 d6 6. c3 a6 7. a4 {Normally White plays 7.Bb3 to
save the bishop (from a possible ...Na5). But this is a standard alternative
as well.} O-O 8. Re1 (8. Bg5 $5 {isn't supposed to be a great move here,
because Black plays h6-g5 quickly, but I think the sacrifice on g5 is
underrated and could be interesting for White:} h6 9. Bh4 g5 10. Nxg5 (10. Bg3
$13 {this is what we see normally after h6-g5, with a complex game}) 10... hxg5
11. Bxg5 Kg7 12. Qf3 {and I feel like there is a lot to be explored here. I
mean, it could be just bad for White, but it doesn't look easy for Black, and
it's weird that there haven't been any games with 10.Nxg5. White's dream plan
could be Nd2-Kh1-Qg3-f4.}) 8... Ba7 9. h3 (9. Na3 $5 {Carlsen,M (2844)-Adams,M
(2744) Tata Steel-A 78th 2016 (9) 1-0 it's not easy to find the reference
games, because either White or Black could have some minor piece placed
somewhere else compared to the other games, but this Na3 has been used a lot,
following with Nc2 and Ne3. Wesley So was able to keep a slight edge, and
there was also a great win from the world champion Magnus Carlsen in Wijk an
Zee 2016:} h6 10. Nc2 Re8 11. Be3 Be6 12. Bxe6 Rxe6 13. Bxa7 Rxa7 14. d4 (14.
Ne3 $5 {would be in the same spirit as Carlsen's game, first putting the
knight on f5 and only then d4}) 14... exd4 15. Nfxd4 Nxd4 16. Qxd4 Ra8 17. f3
a5 18. Ne3 Qd7 19. Red1 b6 20. Qc4 Rae8 21. Qb5 Qc8 22. b4 Qa8 23. Qd3 c6 24.
bxa5 bxa5 25. c4 g6 $11 {1/2-1/2 (38) So,W (2773)-Mamedyarov,S (2747) Wijk aan
Zee 2016. White probably had something earlier, here Black should be ok.}) 9...
h6 10. Nbd2 Ne7 {Black places his knight on g6 trying to eliminate this
problem (the knight on c6 sometimes becomes an awkard piece) and equalise the
game. Nevertheless, White is always one tempo ahead in the centre for playing
d4.} (10... Re8 {would be a solid alternative, played by the current Women's
World Chess Champion} 11. Nf1 Be6 12. Bxe6 Rxe6 13. Be3 Bxe3 14. Nxe3 d5 15.
Qc2 Qd7 16. Rad1 Rd8 17. Nf5 Qe8 18. b4 b5 19. axb5 axb5 20. Nd2 Ne7 $11 {
1/2-1/2 (31) Muzychuk,M (2554)-Hou,Y (2673) Lvov 2016}) 11. Nf1 Ng6 12. Ng3 c6
13. Ba2 Be6 (13... d5 {it is always somewhat risky to try getting the
initiative with Black. For example:} 14. exd5 Nxd5 15. d4 $1 (15. Nxe5 $2 {
is a typical trap in these positions} Nxe5 16. Rxe5 Bxf2+ $1 17. Kxf2 Qf6+ $17)
15... exd4 16. Nxd4 $14 {as Black I wouldn't be happy here, White has a slight
but comfortable edge because of having the rook already developed to e1.}) 14.
Bxe6 fxe6 15. d4 $1 $14 {Securing an advantage for White. Black already
doesn't have an easy life.} exd4 (15... Qe7 $5 {keeping the structure was an
alternative. dxe5 is not scary for Black:} 16. dxe5 Nxe5 17. Nxe5 dxe5 18. Be3
Bxe3 19. Rxe3 Rad8 20. Qb3 $14 {White probably maintains a slight edge here as
well.}) 16. cxd4 d5 17. exd5 $1 {Suddenly Black starts getting into trouble,
there is no good way to take the pawn back.} (17. e5 {did not make much sense,
because Black plays ...Nd7 and prepares ...c5 soon, opening up routes for all
his pieces} Nd7 $132) 17... exd5 (17... Qxd5 18. Qc2 Ne7 19. Ne2 $1 Qd7 20. Nf4
Ned5 21. Nd3 $16 {when White probably is going to play Bd2, double on the
e-file and decide when and how to use the c5- and e5-squares for his knights.})
(17... Nxd5 $6 {just loses a pawn} 18. Rxe6 Nh4 19. Ra3 $1 $16 {An important
move. Now it is clear that 7.a4 helped a lot!}) 18. Qd3 Ne7 19. Bd2 Bb8 {
Positionally Black is supposed to be fine, but the pressure on the e-file
starts to become stronger every move.} 20. Bb4 $16 Bd6 21. Bxd6 (21. Qa3 $5 Nc8
22. Bc5 {(threatening Re6)} Re8 23. Ne5 Bxc5 24. dxc5 $40 {Avoiding 24...Nd6
and threatening Nf5. On the other hand, this gives a passed d5-pawn for Black.
White has the advantage naturally, but there is a lot of play.}) 21... Qxd6 22.
Re3 Rae8 23. Ne5 Qc7 24. b4 Nc8 25. Rc1 Qd8 $6 (25... Nd6 $1 {was a good
defensive resource, had Black followed this line precisely:} 26. b5 axb5 27.
axb5 Nc4 $1 28. Rxc4 {has to be tried, but probably Black defends himself:} (
28. Nxc4 cxb5 $1 $15 {this is the key move, making use of the pin on c1, Black
is suddenly better.}) 28... dxc4 29. Qxc4+ Nd5 30. Re4 Kh7 31. bxc6 bxc6 $13)
26. b5 axb5 27. axb5 cxb5 28. Qxb5 $16 {Now White has a big advantage, with
nicely placed pieces, and Black has a horrible pawn structure and a weakened
king. But probably both players were approaching time trouble, so it wasn't
easy to be precise. Besides, this is the kind of position that I personally
think is one of the most difficult in chess. Maybe not only for me, but for
everybody. The reason is that there are no pawn breaks, and the board is wide
open with major pieces on it, meaning there are a lot (and by that I mean a
lot!) of options in every single move, and we, humans, can not find patterns
in such positions. Even with a computer, it is very hard to analyse and come
to a sensible explanation about what is going on. In any case, it goes to show
how strong these players are, because the game maintains a good level, despite
the difficulty of the position, and the probable time trouble they were under.}
Nd6 {.} 29. Qb3 b5 30. Rce1 Qa5 31. Qb1 Qb6 32. Qg6 $6 {This gives Black a
golden opportunity to fight for equality.} (32. Qb4 $1 {keeping the pressure,
possibly releasing it at some point with Ng6. For example:} Re7 33. Ng6 Rxe3
34. Rxe3 Rd8 35. Ne7+ Kh8 36. Re6 $16) 32... Qc7 $2 (32... Qxd4 $1 {and White
doesn't have anything decisive. For example:} 33. Nc6 (33. Nh5 Nxh5 (33... Qa7
$5 $11) 34. Qxd6 Rf6 35. Qc7 Qf4 $11) 33... Rxe3 34. Rxe3 (34. Nxd4 Rxe1+ 35.
Kh2 Nfe8 $13 {still looks hard to evaluate, but this is definitely not bad for
Black}) 34... Qc5 35. Ne7+ Kh8 $11) 33. Qd3 Re6 34. Ne2 Rfe8 (34... Nh5 $5 $14
{a weird way to stop ...Nf4, but it looks acceptable.}) 35. Nf4 R6e7 36. Nfg6
Re6 37. Qb1 Qb7 38. Qb4 Nf5 39. Rf3 Ne7 40. Nf4 Nc6 41. Qb2 R6e7 $6 (41... Rd6
$1 {this had to be played} 42. Rfe3 Qb6 43. Nxc6 Rxe3 44. Rxe3 Rxc6 45. Re5 $14
) 42. Rfe3 $1 $16 {Creating strong pressure on the e-file, and threatening
Nfg6 followed by Nxc6 winning (White has ideas with Ne7+ after the massive
exchanges). To defend this, Black has to make an awkard move like ...Na7 in
the game.} Na7 43. Qb3 Nc8 44. Qb4 Nd7 45. h4 Nxe5 46. dxe5 Rf7 47. Nh5 Qe7 48.
Qd4 Ref8 49. e6 Rf5 50. Nxg7 $2 {After a great series of moves by Giri, he
allows Nakamura to escape.} (50. Re5 $1 Nd6 51. Rxf5 Nxf5 52. Qxd5 Nxh4 53.
Qxb5 $16 {and White should win this, but there is still work to be done.})
50... Qxg7 51. Rg3 Rg5 $1 {And there is nothing decisive.} 52. Rxg5 hxg5 53.
Qxd5 (53. Qxd5 {a draw was agreed. For example:} Ne7 54. Qxb5 gxh4 55. Qh5 $11)
1/2-1/2

[Event "Olympiad-42"]
[Site "Baku"]
[Date "2016.09.12"]
[Round "10.1"]
[White "Harikrishna, Pentala"]
[Black "Karjakin, Sergey"]
[Result "1-0"]
[WhiteElo "2752"]
[BlackElo "2769"]
[Annotator "Mekhitarian,K"]
[PlyCount "87"]
[EventDate "2016.09.02"]
[EventType "team-swiss"]
[EventRounds "11"]
[EventCountry "AZE"]
[SourceTitle "CBM 175"]
[Source "ChessBase"]
[SourceDate "2016.11.10"]
[SourceVersion "1"]
[SourceVersionDate "2016.11.10"]
[SourceQuality "1"]
[WhiteTeam "India"]
[BlackTeam "Russia"]
[WhiteTeamCountry "IND"]
[BlackTeamCountry "RUS"]

1. e4 e5 2. Nf3 Nc6 3. Bc4 {Many top players have been choosing this move to
play flexible middlegame positions, and generally with great success.} Bc5 4.
O-O Nf6 5. d3 O-O 6. h3 d6 7. c3 h6 8. Re1 a5 {Not a common move, normally
Black plays ...a6 or ...Re8/Be6.} 9. Bb3 Re8 10. Nbd2 Be6 11. Ba4 Ba7 (11...
Qb8 $5 {played a month later by the great Micky Adams, threatening b5} 12. d4 (
12. Bb5 Qa7 13. Qe2 a4 {threatening something like ...Qb6:} 14. Nc4 Bd7 15. Be3
Bxe3 16. Nxe3 Qb6 $11 {and Black is ok}) 12... exd4 13. cxd4 b5 $1 14. dxc5
bxa4 15. cxd6 cxd6 16. Nb1 d5 17. exd5 Bxd5 18. Rxe8+ Qxe8 19. Be3 Rc8 20. Nc3
Bxf3 21. Qxf3 a3 22. Qe2 Qe5 $11 {0-1 (53) Harika,D (2528)-Adams,M (2745)
Douglas 2016. Black solved his opening problems, and went on to win the game
later.}) 12. Nf1 Rb8 13. Bb5 $1 {An original way to stop ...b5.} Bd7 (13... d5
14. exd5 $1 (14. Qe2 $5) 14... Bxd5 15. Be3 Bxe3 16. Nxe3 {and White has an
annoying pressure on e5:} e4 {if Black tries to eliminate it, then he still
has some things to worry about:} 17. dxe4 Bxe4 18. Nd2 $1 Bg6 19. Nb3 $14 {
with good play on the queenside.}) 14. Ng3 Ne7 15. Bxd7 Qxd7 16. d4 Ng6 17. Be3
{It feels like White had success in achieving a small edge from the opening.}
exd4 (17... Ra8 $5 {trying to maintain the stronghold on e5 was another option}
18. Qc2 {also looks slightly better for White, but it would be better to keep
the pawn on e5 for a longer time.} (18. dxe5 dxe5 19. Qxd7 Nxd7 20. Rad1 Ngf8
21. Bxa7 Rxa7 $11 {looks fairly equal. White shouldn't achieve an advantage
only because of the misplaced rook on a7.})) 18. Bxd4 (18. cxd4 $2 Nxe4 $17)
18... Bxd4 19. cxd4 $14 {Now Black has to fight this centre somehow, and
Karjakin chooses the wrong path by playing ...d5 - that looks extremely
natural, but allows a strong attack on the kingside.} a4 (19... c5 $5 {doesn't
solve all of Black's problems, but it is a different try to fight White's
centre:} 20. Qd2 (20. dxc5 {leads nowhere} dxc5 21. Qxd7 Nxd7 22. Rad1 Nde5 23.
Nxe5 Nxe5 24. Nf5 c4 $11 {followed by b5}) (20. d5 {whenever this is played,
Black has a comfortable way to expand on the queenside and should not be worse
because it is not easy at all for White to prepare a central advance with
f4-e5 (even if f4 is played, then there is a big difficulty to defend the
d5-pawn).} b5 $1 $132) 20... b6 21. Rad1 $14 {keeping a stable advantage.}) 20.
Rc1 d5 $2 21. e5 Nh7 22. Nh2 $1 {Suddenly there is huge attacking potential
being created on the kingside, and Black doesn't have a good way to deal with
it.} Ng5 (22... Nhf8 23. Nh5 Ne6 24. Qd2 $16 {followed by f4.}) (22... f6 $2
23. Qc2 $16 {winning the c7-pawn.}) 23. Nh5 {Preparing f4 and/or Ng4, with
annoying threats.} a3 24. b4 Ne6 25. Qd2 {Now f4 is coming, Black is already
in trouble.} Ng5 26. Ng4 (26. f4 $5 {was interesting, but not necessary, since
Harikrishna's play was risk-free and even stronger:} Ne4 27. Rxe4 dxe4 28. Ng4
Kf8 29. Nxg7 Red8 30. Rd1 Kxg7 31. f5 Qxd4+ 32. Qxd4 Rxd4 33. Rxd4 h5 $1 $132)
26... Qf5 $2 {The position was already bad, but this makes it easier for White.
} (26... Kh8 $1 {was more stubborn, forcing White to play precisely:} 27. f4 (
27. Nxg7 Kxg7 28. f4 Ne4 $2 (28... Nf3+ $1 29. gxf3 Qf5 $44 {and Black is
still fighting}) 29. Rxe4 dxe4 30. f5 $18 {transposes to 27.f4, with Black
playing 29...Kxg7}) 27... Ne4 28. Rxe4 dxe4 29. Nxg7 {now we have the same
position from the 26th move analysis, with the king on h8. Probably Karjakin
saw this and thought it was hopeless.} Red8 $1 (29... Kxg7 30. f5 Rh8 31. fxg6
fxg6 32. d5 $18) 30. Rxc7 $3 {distracting the queen from d4, this is the
difference from the king being on h8 - now White's queen will join the attack
on h6 with mate if Black takes the rook.} (30. Rc4 $5 $18) 30... Qxd4+ (30...
Qxc7 $2 31. f5 Nf8 32. Qxh6+ Nh7 33. Nf6 $18) 31. Qxd4 Rxd4 32. Rxf7 e3 33. Ne6
$1 Rd1+ (33... e2 34. Nf6 $3 e1=Q+ 35. Kh2 Rd7 36. Rxd7 Ne7 37. Rxe7 Qb1 38.
Nc5 $18 {with a calm and decisive Nce4 threat}) 34. Kh2 Re8 35. f5 $1 Rxe6 36.
Nxe3 $1 {White had to find a series of very difficult moves, now finally to
obtain a won endgame after:} Re1 37. fxe6 Rxe3 38. e7 Nxe7 39. Rxe7 b5 40. e6
Kg8 41. Ra7 Rxe6 42. Rxa3 $18) 27. Nhf6+ Kh8 (27... gxf6 28. Nxh6+ $18) 28.
Nxe8 Rxe8 29. Rxc7 $18 Nf4 30. Qe3 Nge6 31. Rc3 Qg6 32. Qg3 Ra8 33. Kh2 {
And everything is under control, the rest is a matter of technique.} h5 34. Ne3
Qh7 35. Rec1 Qe4 36. Rc8+ Rxc8 37. Rxc8+ Kh7 38. Qf3 Qxf3 39. gxf3 Nxd4 40. Rc7
b5 41. Rxf7 Nde6 42. Rd7 d4 43. Nc2 d3 44. Ne1 {A very good win from
Harikrishna!} 1-0

[Event "Pocos de Caldas op"]
[Site "Pocos de Caldas"]
[Date "2016.02.28"]
[Round "5"]
[White "Supi, Luis Paulo"]
[Black "Mekhitarian, Krikor Sevag"]
[Result "1/2-1/2"]
[WhiteElo "2470"]
[BlackElo "2563"]
[Annotator "Mekhitarian,K"]
[PlyCount "78"]
[EventDate "2016.02.26"]
[EventType "swiss"]
[EventRounds "6"]
[EventCountry "BRA"]
[SourceTitle "CBM 172"]
[Source "ChessBase"]
[SourceDate "2016.05.12"]
[SourceVersion "1"]
[SourceVersionDate "2016.05.12"]
[SourceQuality "1"]

1. e4 e5 2. Nf3 Nc6 3. Bc4 Bc5 4. O-O Nf6 5. d3 d6 6. c3 a6 7. Bb3 h6 8. Nbd2
Ba7 9. h3 O-O 10. Re1 Re8 11. Nf1 Be6 12. Ng3 {a common position that has been
played a lot already. Black chooses between 12...d5 or 12...Bxb3 now} Bxb3 13.
Qxb3 Qd7 14. Be3 Bxe3 15. Rxe3 (15. fxe3 $5 {played by Anand in 1996:} d5 16.
exd5 Qxd5 17. Qxd5 Nxd5 18. Rad1 Rad8 19. Rd2 b6 $11 {1/2-1/2 (62) Anand,V 
(2725)-Kamsky,G (2735) Monte Carlo 1996, with a balanced endgame.}) 15... d5
16. Rae1 (16. Re2 {was played by Harikrishna, but Black also got a fine
position after} dxe4 17. dxe4 Na5 18. Qc2 Rad8 19. Rd2 Qe6 20. b3 Rxd2 21. Qxd2
Nc6 22. Rd1 Rd8 23. Qe2 Rd6 24. Nh4 Ne7 (24... g6 {was possible right away})
25. Qf3 g6 26. Qe2 Kg7 27. Nf3 Nc6 28. Kh2 Qd7 29. Rxd6 Qxd6 30. a4 Na5 $6 (
30... Nd8 $1 $15 {it's always important in these positions to improve the
c6-knight, most of the times the only problem that Black has. Here it is not
really a problem, but on e6 it stands a lot better. Black is looking for an
advantage already, after White weakened his queenside}) 31. b4 Nc6 32. Qc4 Nd7
33. a5 $11 {1-0 (43) Harikrishna,P (2737)-Stern,R (2538) Berlin 2015. White
was able to achieve something here. It was a blitz game, so it ended on move
43 soon after some blunders.}) 16... dxe4 (16... Na5 $5 {a creative way to
solve the attack on b7} 17. Qc2 (17. Qa3 Nc6 18. R3e2 dxe4 19. Nxe4 Nd5 20. Nc5
Qf5 $132 {with counterplay threatening ...Nf4}) 17... dxe4 18. Nxe4 Nd5 {
Black solves all his problems, because White doesn't have Nc5 as in the game.})
17. Nxe4 Nxe4 (17... Nd5 $2 18. Nc5 $1 $16) 18. Rxe4 (18. dxe4 {leads to clear
equality} Red8 $11) 18... Qxd3 $5 {Forcing massive exchanges.} 19. Qxb7 (19.
Nxe5 {I wasn't so sure during the game how to meet this, but I felt there must
be something} Nxe5 20. Rxe5 Rxe5 21. Rxe5 b6 22. Re7 (22. Qd5 Qxd5 23. Rxd5 Re8
24. Kf1 Kf8 25. Rd7 Re7 $11) 22... Qb1+ 23. Kh2 Qf5 {the check on b1 is
important because now I attack on f2} 24. Re2 Rd8 $11) 19... Qb5 $1 20. Qxb5 {
This leads to a rook endgame that should be drawn, but White can naturally
play on.} (20. Qxc7 $1 {was the best practical try} Rac8 21. Qd7 Qxb2 {was my
idea during the game} (21... Red8 $5 22. Qf5 Qxb2 23. Rg4 Ne7 $1 {An important
defensive resource to stop any Qf6 ideas} 24. Qxe5 (24. Qh5 Ng6 25. Nxe5 Re8
26. Rge4 Rxe5 27. Rxe5 Nxe5 28. Qxe5 Qxc3 $11) 24... Ng6) 22. Rf4 {I did not
see this move, but apparently Black is still doing fine} (22. Rc4 Qb5 (22...
Red8 23. Qf5 Qb8 24. Rg4 Qd6 $11) 23. Rf4 f6 24. Rg4 g5) 22... Ne7 {
threatening to take on f4} 23. Nxe5 Rcd8 24. Qg4 Qxc3 25. Re3 f5 26. Qh5 Qa1+
27. Kh2 Rf8 28. Ng6 Nxg6 29. Qxg6 Qf6 30. Re6 Qxg6 31. Rxg6 a5 32. Ra6 Rd5 $14
{White keeps a slight initiative and his king is better placed. Nevertheless,
it should end in a draw.}) 20... axb5 21. Nxe5 (21. a3 f6 $11 {is fine for
Black.}) 21... Rxe5 22. Rxe5 Nxe5 23. Rxe5 b4 $1 (23... Rxa2 $2 24. Rxb5 $16 {
would mean endless suffering for Black.}) 24. cxb4 $6 (24. Rb5 $1 {was the
only try} bxc3 25. bxc3 Rxa2 26. Rb7 {I missed this idea at the beginning of
the exchanges. White maintains a passed pawn and additional chances} g5 $5 {
Gelfand,B (2748)-Grischuk,A (2797) Baku FIDE GP 2014 (3) 1-0 avoiding the
h4-g3-f2 setup, that should be the most confortable for White. It's hard to
search for the exact same endgame in the database, but I found this structure
in the following endgame (White had h4-g3 already, and somehow was able to
bring his king closer to the c-pawn)} (26... c5 27. Rb5 {wouldn't change
anything}) 27. Rxc7 Rc2 28. g3 Kg7 {From what I learned so far, in these
endgames the defending side tries to push his pawns, to create counter-chances
(because White will try to support his own passed pawn with his king, leaving
the kingside abandoned), or approaches the passed pawn with his king. In this
case, since the c-pawn is close to the centre, I believe Black also has that
option. And eventually if the h-pawn is lost for the c-pawn, we go into a
drawn endgame, 3 pawns against 2, on the same flank.} 29. Kg2 Kg6 30. Kf3 h5
31. c4 {and now both h4 or g4, bothering White's kingside structure should be
decent for Black} h4 $5 (31... g4+ $5 32. hxg4 hxg4+ 33. Ke3 (33. Kxg4 Rxf2 $11
) 33... f6 34. c5 Kf5 35. c6 Ke5 $1 {the second defensive method. It looks
like white will be able to grab the g-pawn in exchange for the c-pawn, but
still, it leads to a drawn endgame (2 pawns against 1, with rooks, on the same
flank).} 36. Kd3 Rxf2 $2 (36... Rc1 37. Rc8 Kd6 38. Rf8 Ke7 $1 39. Rg8 Rxc6 40.
Rxg4 $11) 37. Re7+ $1 Kd6 38. c7 $18) 32. gxh4 gxh4 33. c5 f6 34. c6 Kf5 35.
Ke3 (35. Rc8 Rc3+ 36. Kg2 Kf4 37. c7 f5 $11) 35... Ke5 $1 {with the same idea,
approaching the passed pawn. Black should make a draw without much trouble})
24... Rxa2 25. Re8+ Kh7 26. Re7 Rxb2 27. Rxc7 Rxb4 28. Rxf7 $11 {Reaching a
simple drawn endgame.} h5 29. g3 Kh6 30. Kg2 Rb3 31. g4 hxg4 32. hxg4 g5 33.
Rf6+ Kg7 34. Rf3 Rb6 35. Ra3 Kg6 36. Kf3 Re6 37. Ra4 Kf6 38. Re4 Rb6 39. Ke3
Rb3+ 1/2-1/2